[Event "Miedzynarodowy Turniej Szachowy Szachowe"]
[Site "WSUS Poznan, ul. Glogowska"]
[Date "2013.??.16"]
[Round "4.1"]
[White "Kozlowska, Marzena"]
[Black "Malaniuk, Vladimir P"]
[Result "1-0"]
[WhiteElo "1921"]
[BlackElo "2529"]
[PlyCount "59"]
[EventDate "2013.??.??"]

1. e4 d6 2. d4 Nf6 3. Nc3 e5 4. dxe5 dxe5 5. Qxd8+ Kxd8 6. Bc4 Ke8 7. f3 c6 8.
Be3 Nbd7 9. Nge2 b5 10. Bb3 Bc5 11. Kf2 Ke7 12. a3 a5 13. Ba2 Bxe3+ 14. Kxe3
Nb6 15. Nc1 Be6 16. Bxe6 Kxe6 17. Nd3 a4 18. Rhd1 Nfd7 19. b3 Rhc8 20. Nb2 axb3
21. cxb3 Nc5 22. b4 Nb3 23. Ne2 Nd4 24. Nc3 Nc2+ 25. Kf2 Nxb4 26. Re1 Nc2 27.
Rec1 Ne3 28. Nd3 Nec4 29. Nc5+ Ke7 30. Re1 1-0

[Event "Miedzynarodowy Turniej Szachowy Szachowe"]
[Site "WSUS Poznan, ul. Glogowska"]
[Date "2013.??.??"]
[Round "4.2"]
[White "Bartkowiak, Damian"]
[Black "Zakrzewski, Marek"]
[Result "1/2-1/2"]
[WhiteElo "2152"]
[BlackElo "2126"]
[PlyCount "100"]
[EventDate "2013.??.??"]

1. d4 d5 2. c4 e6 3. Nc3 Nf6 4. Nf3 Be7 5. Bg5 O-O 6. e3 h6 7. Bf4 Nh5 8. Be5
f6 9. Bg3 Nxg3 10. hxg3 c6 11. Qc2 f5 12. Bd3 Nd7 13. cxd5 cxd5 14. Ke2 Nf6 15.
Ne5 Bd7 16. Qb3 Bd6 17. Ng6 Rf7 18. Rac1 Rc8 19. Rc2 Be8 20. Nf4 Bxf4 21. gxf4
Qa5 22. Rhc1 Rfc7 23. Qa3 Qxa3 24. bxa3 Kf8 25. f3 Bd7 26. Kd2 Ke8 27. Ne2
Rxc2+ 28. Rxc2 Rxc2+ 29. Kxc2 Kd8 30. Kc3 Kc7 31. Nc1 Ne8 32. Kb4 b6 33. Ba6
Bc8 34. Be2 Kd6 35. Bb5 Nc7 36. a4 a5+ 37. Kb3 Ba6 38. Bxa6 Nxa6 39. Nd3 Nc7
40. Kc3 Ne8 41. Ne5 Nf6 42. Kd3 Ke7 43. Ke2 Ne8 44. Kd2 Nd6 45. Kc3 g5 46. fxg5
hxg5 47. Kd3 Ne8 48. Ng6+ Kd6 49. Ne5 Ke7 50. Ng6+ Kd6 1/2-1/2

[Event "Miedzynarodowy Turniej Szachowy Szachowe"]
[Site "WSUS Poznan, ul. Glogowska"]
[Date "2013.??.??"]
[Round "4.3"]
[White "Bednarska-bzdega, Malgorzata"]
[Black "Swiatek, Bartosz"]
[Result "0-1"]
[WhiteElo "2115"]
[BlackElo "2065"]
[PlyCount "124"]
[EventDate "2013.??.??"]

1. e4 c5 2. Nf3 d6 3. d4 cxd4 4. Nxd4 Nf6 5. Nc3 a6 6. Bc4 Nbd7 7. f4 g6 8. O-O
Bg7 9. Kh1 Qc7 10. Bb3 O-O 11. Be3 b5 12. a4 b4 13. Nd5 Nxd5 14. exd5 Nb6 15.
Rb1 Bb7 16. Ne2 Rac8 17. c3 Nc4 18. Bd4 Bxd4 19. Qxd4 Qb6 20. Rfd1 Qxd4 21. Rd3
Qb6 22. Rdd1 Qd4 23. Rxd4 Ne3 24. cxb4 Nc2 25. Rc4 Rxc4 26. Bxc4 Nxb4 27. Nc3
Rc8 28. Bb3 Nd3 29. g3 Nxb2 30. Ne4 Nxa4 31. Nxd6 exd6 32. Bxa4 Bxd5+ 33. Kg1
Bc4 34. Kf2 Kg7 35. Ke3 Rc5 36. Kd4 Bb5 37. Bb3 Kf6 38. g4 h6 39. h4 g5 40.
fxg5+ hxg5 41. h5 Kg7 42. Re1 Bd7 43. Re7 Bxg4 44. Rxf7+ Kh6 45. Rf6+ Kxh5 46.
Rxd6 Ra5 47. Bc4 Ra4 48. Kc3 a5 49. Bb3 Rb4 50. Bf7+ Kh4 51. Rd5 Rf4 52. Be8 a4
53. Kb2 Be6 54. Rd6 Bb3 55. Bd7 g4 56. Rh6+ Kg5 57. Rh7 Rf2+ 58. Ka3 g3 59.
Rg7+ Kf4 60. Bc6 Rd2 61. Rg6 Bd5 62. Bd7 g2 0-1

[Event "Miedzynarodowy Turniej Szachowy Szachowe"]
[Site "WSUS Poznan, ul. Glogowska"]
[Date "2013.??.??"]
[Round "4.4"]
[White "Chojnacki, Tomasz"]
[Black "Rozumek, Krzysztof"]
[Result "1/2-1/2"]
[WhiteElo "1883"]
[BlackElo "1975"]
[PlyCount "84"]
[EventDate "2013.??.??"]

1. e4 c6 2. d4 d5 3. exd5 cxd5 4. c4 dxc4 5. Bxc4 Nf6 6. Nf3 e6 7. O-O Be7 8.
Ne5 a6 9. Be3 Nbd7 10. Qf3 O-O 11. Nd2 Nb6 12. Bd3 Nfd5 13. Qh3 f5 14. Rae1 Bf6
15. Nb3 Nxe3 16. Rxe3 Nd5 17. Rf3 Bg5 18. g3 g6 19. Qg2 b5 20. h4 Bh6 21. g4
fxg4 22. Nxg4 Rxf3 23. Nxh6+ Kg7 24. Qxf3 Kxh6 25. Qe4 Qf6 26. Rc1 Bb7 27. Nd2
Rf8 28. Rf1 Ba8 29. Qg4 Nf4 30. Ne4 Bxe4 31. Bxe4 Qxd4 32. Bf3 Qxb2 33. Rd1 Qe5
34. Qg5+ Qxg5+ 35. hxg5+ Kxg5 36. Rd7 Nd5 37. Bxd5 exd5 38. Rxd5+ Rf5 39. Rd6
Rc5 40. Kg2 a5 41. Kf3 Rc2 42. Rd5+ Kh6 1/2-1/2

[Event "Miedzynarodowy Turniej Szachowy Szachowe"]
[Site "WSUS Poznan, ul. Glogowska"]
[Date "2013.??.??"]
[Round "4.5"]
[White "Weglarz, Leszek"]
[Black "Przybylak, Lukasz"]
[Result "1-0"]
[WhiteElo "2224"]
[BlackElo "1871"]
[PlyCount "88"]
[EventDate "2013.??.??"]

1. e4 c6 2. d3 d5 3. Nc3 Qc7 4. Nf3 Bg4 5. g3 Nd7 6. Bg2 Ngf6 7. O-O e6 8. Qe1
Bd6 9. exd5 cxd5 10. Nd4 Qb6 11. Nb3 O-O 12. h3 Bh5 13. Be3 Qa6 14. a4 Rac8 15.
f4 e5 16. fxe5 Bxe5 17. Qf2 Bg6 18. Bf4 Rfe8 19. Bxe5 Rxe5 20. Rfe1 Rce8 21.
Rxe5 Rxe5 22. Nb5 b6 23. N5d4 Nc5 24. a5 h6 25. axb6 Qxb6 26. Nxc5 Qxc5 27. Nf3
Re3 28. d4 Qe7 29. Ne5 Rxe5 30. dxe5 Qxe5 31. c3 Be4 32. Rxa7 Qh5 33. Ra8+ Kh7
34. Ra1 Qg6 35. Re1 Qg5 36. Bf1 h5 37. Qf4 Qg6 38. b4 Nd7 39. Kh2 f5 40. Bg2
Qc6 41. c4 Nf6 42. Bxe4 fxe4 43. Qf5+ g6 44. Qe5 Qb6 1-0

[Event "Miedzynarodowy Turniej Szachowy Szachowe"]
[Site "WSUS Poznan, ul. Glogowska"]
[Date "2013.??.??"]
[Round "4.6"]
[White "Bajerlein, Dawid"]
[Black "Gajzner, Ryszard"]
[Result "1-0"]
[WhiteElo "2099"]
[BlackElo "1747"]
[PlyCount "89"]
[EventDate "2013.??.??"]

1. Nf3 e6 2. g3 f5 3. Bg2 Nf6 4. O-O d5 5. d3 Be7 6. Nc3 O-O 7. e4 c6 8. Re1
Bd7 9. exf5 exf5 10. Bf4 h6 11. h4 Ng4 12. Qd2 Na6 13. Re2 Bf6 14. Rae1 Qb6 15.
d4 Rad8 16. Na4 Qb5 17. b3 Rfe8 18. Rxe8+ Rxe8 19. Rxe8+ Bxe8 20. Bf1 Qb4 21.
Bxa6 Qxd2 22. Bxd2 bxa6 23. Nc5 Kf7 24. Nxa6 Bd7 25. Nc5 Bc8 26. c3 Be7 27. Nd3
Bb7 28. Nfe5+ Nxe5 29. Nxe5+ Ke6 30. h5 c5 31. Bf4 cxd4 32. cxd4 Bb4 33. Nd3
Bf8 34. Be5 Bc6 35. Nf4+ Kf7 36. f3 Ba3 37. Kf2 Bc1 38. Nd3 Ba3 39. Bb8 Ke6 40.
Bxa7 Be8 41. Bc5 Bxc5 42. Nxc5+ Kd6 43. g4 fxg4 44. fxg4 g6 45. hxg6 1-0

[Event "Miedzynarodowy Turniej Szachowy Szachowe"]
[Site "WSUS Poznan, ul. Glogowska"]
[Date "2013.??.??"]
[Round "4.7"]
[White "Jarmuzek, Karolina"]
[Black "Stachowiak, Slawomir"]
[Result "0-1"]
[WhiteElo "1664"]
[BlackElo "2000"]
[PlyCount "92"]
[EventDate "2013.??.??"]

1. e4 e5 2. Nf3 Nc6 3. Bb5 a6 4. Ba4 Nf6 5. d4 b5 6. Bb3 Nxd4 7. Bxf7+ Kxf7 8.
Nxe5+ Ke8 9. Qxd4 c5 10. Qd1 Qe7 11. Nf3 Qxe4+ 12. Be3 Bb7 13. O-O Kd8 14. Nbd2
Qc6 15. Nb3 a5 16. Bd2 b4 17. a4 Bd6 18. h3 Ne4 19. c3 Rf8 20. cxb4 axb4 21. a5
Ra7 22. Be3 Rf5 23. Nh4 Nf6 24. f4 Rh5 25. Nf3 Nd5 26. Qe2 Nxf4 27. Bxf4 Bxf4
28. Rae1 Kc7 29. Nfd4 Be3+ 30. Kh2 Bxd4 31. Nxd4 cxd4 32. Rc1 Rc5 33. Qd2 Qd6+
34. Kh1 Raxa5 35. Qxb4 Qc6 36. Qd2 Rab5 37. Rg1 Rxc1 38. Rxc1 Rc5 39. Qf4+ d6
40. Rg1 d3 41. b4 Rc2 42. Qf7+ Qd7 43. Qh5 g6 44. Qa5+ Kc8 45. Kh2 Qc6 46. Qg5
Rxg2+ 0-1

[Event "Miedzynarodowy Turniej Szachowy Szachowe"]
[Site "WSUS Poznan, ul. Glogowska"]
[Date "2013.??.??"]
[Round "4.8"]
[White "Niekras, Dawid"]
[Black "Hoffmann, Piotr"]
[Result "1-0"]
[WhiteElo "1971"]
[BlackElo "1725"]
[PlyCount "73"]
[EventDate "2013.??.??"]

1. e4 e5 2. Nf3 Nc6 3. Bb5 Nd4 4. Nxd4 exd4 5. O-O Bc5 6. d3 Qe7 7. Nd2 c6 8.
Bc4 d6 9. Re1 Be6 10. a3 b5 11. Bxe6 Qxe6 12. a4 Nf6 13. Nb3 Bb6 14. a5 Bc5 15.
e5 O-O 16. exf6 Qxf6 17. Nxc5 dxc5 18. Qh5 Rfe8 19. Bd2 Qd6 20. b3 g6 21. Qf3
Kg7 22. h3 f6 23. Re4 f5 24. Rxe8 Rxe8 25. Bf4 Qf6 26. Bd2 g5 27. Re1 Rxe1+ 28.
Bxe1 Kg6 29. Qe2 f4 30. Qe8+ Kh6 31. Bd2 Qd6 32. h4 Qf6 33. hxg5+ Kxg5 34. g3
Kg4 35. Bxf4 h5 36. f3+ Kxf3 37. Qxh5# 1-0

[Event "Miedzynarodowy Turniej Szachowy Szachowe"]
[Site "WSUS Poznan, ul. Glogowska"]
[Date "2013.??.??"]
[Round "4.9"]
[White "Glatty, Zbigniew"]
[Black "Kupsik, Joanna"]
[Result "1-0"]
[WhiteElo "1915"]
[BlackElo "1668"]
[PlyCount "65"]
[EventDate "2013.??.??"]

1. e4 e5 2. Nf3 d6 3. d4 exd4 4. Nxd4 g6 5. c4 Bg7 6. Nc3 Ne7 7. Be3 Nbc6 8.
Be2 O-O 9. Qd2 f5 10. h4 fxe4 11. Nxc6 Nxc6 12. Nxe4 Qe7 13. Ng3 Qe5 14. O-O-O
Be6 15. h5 a5 16. hxg6 hxg6 17. Bd3 Nb4 18. Bxg6 Nxa2+ 19. Kb1 Bxc4 20. f4 Qb5
21. Bd4 Qb4 22. Qc2 Bxd4 23. Rxd4 d5 24. f5 Qb3 25. Qd2 Kg7 26. Qe1 Rae8 27.
Nh5+ Kg8 28. Bxe8 Bd3+ 29. Rxd3 Qxd3+ 30. Kxa2 Qc4+ 31. Ka1 Qe4 32. Qg3+ Kh8
33. Qg7# 1-0

[Event "Miedzynarodowy Turniej Szachowy Szachowe"]
[Site "WSUS Poznan, ul. Glogowska"]
[Date "2013.??.??"]
[Round "4.10"]
[White "Chojnowski, Robert"]
[Black "Kaczmarek, Piotr"]
[Result "1/2-1/2"]
[WhiteElo "1640"]
[BlackElo "1872"]
[PlyCount "112"]
[EventDate "2013.??.??"]

1. e4 d5 2. exd5 Qxd5 3. Nc3 Qd6 4. d4 Nf6 5. Nf3 g6 6. h3 Bg7 7. Be3 a6 8. Bd3
O-O 9. Qd2 Nc6 10. a3 b5 11. b4 Bb7 12. O-O e6 13. Ne2 Nd5 14. c4 Nxe3 15. fxe3
bxc4 16. Bxc4 Ne7 17. Nc3 Nf5 18. Ne2 Bh6 19. Nf4 Nxe3 20. Qxe3 Bxf4 21. Qf2
Rad8 22. Rad1 Bg3 23. Qe2 h6 24. Ne5 Bxe5 25. dxe5 Qb6+ 26. Kh1 Kg7 27. Bd3 Rd4
28. Qf2 f5 29. exf6+ Kh8 30. Qg3 g5 31. f7 Qd6 32. Qxd6 cxd6 33. Rf6 Rh4 34.
Kh2 Kg7 35. Rdf1 Rf4 36. R1xf4 gxf4 37. Rxe6 Rxf7 38. Rxd6 f3 39. Rg6+ Kf8 40.
gxf3 Rxf3 41. Bxa6 Be4 42. Rxh6 Rxa3 43. Bc8 Rb3 44. Rb6 Rc3 45. Bb7 Bd3 46.
Bf3 Ke7 47. Bg4 Rb3 48. Kg3 Bb5+ 49. Kh4 Rxb4 50. Kg5 Rb1 51. h4 Bd3 52. Rxb1
Bxb1 53. Kh6 Kf8 54. Bd7 Kg8 55. h5 Kh8 56. Be8 Ba2 1/2-1/2

[Event "Miedzynarodowy Turniej Szachowy Szachowe"]
[Site "WSUS Poznan, ul. Glogowska"]
[Date "2013.??.??"]
[Round "4.11"]
[White "Lisiecki, Robert"]
[Black "Niedbala, Wojciech"]
[Result "0-1"]
[WhiteElo "1426"]
[BlackElo "1790"]
[PlyCount "72"]
[EventDate "2013.??.??"]

1. e4 c5 2. Nf3 d6 3. d4 cxd4 4. Qxd4 Nf6 5. Bb5+ Bd7 6. Bxd7+ Qxd7 7. c4 h6 8.
Nc3 e6 9. O-O Be7 10. b3 O-O 11. Bb2 Nc6 12. Qd3 Rfd8 13. Rfd1 a6 14. Rd2 Qc7
15. Rad1 Ne5 16. Qe2 Rab8 17. Nxe5 dxe5 18. Qe3 Rxd2 19. Rxd2 Bc5 20. Qe2 Bb4
21. Rd3 Rd8 22. h3 Rd4 23. Nd5 exd5 24. Bxd4 dxe4 25. Rd1 exd4 26. Rxd4 Bc5 27.
Rd1 Qe5 28. Rd8+ Kh7 29. Qd2 e3 30. Qd3+ g6 31. fxe3 Bxe3+ 32. Kh1 Nh5 33. g4
Nf4 34. Qf1 Qe4+ 35. Kh2 Qc6 36. Ra8 Qe4 0-1

[Event "Miedzynarodowy Turniej Szachowy Szachowe"]
[Site "WSUS Poznan, ul. Glogowska"]
[Date "2013.??.??"]
[Round "4.12"]
[White "Szymanski, Leszek"]
[Black "Pawlowski, Rafal"]
[Result "0-1"]
[WhiteElo "1750"]
[BlackElo "1531"]
[PlyCount "49"]
[EventDate "2013.??.??"]

1. c4 Nf6 2. Nc3 e6 3. d4 Bb4 4. a3 Bxc3+ 5. bxc3 b6 6. Bg5 Bb7 7. f3 d5 8. e3
O-O 9. Bd3 Nbd7 10. Qc1 h6 11. Bh4 e5 12. cxd5 g5 13. dxe5 Nxe5 14. Bg3 Qxd5
15. Bf5 Rad8 16. Qc2 Bc6 17. Rd1 Qc5 18. Bf2 Rxd1+ 19. Kxd1 Rd8+ 20. Ke1 Qxa3
21. Ne2 Bd5 22. Qd1 Rd6 23. Nd4 Qxc3+ 24. Qd2 Qxd2+ 25. Kxd2 0-1

[Event "Miedzynarodowy Turniej Szachowy Szachowe"]
[Site "WSUS Poznan, ul. Glogowska"]
[Date "2013.??.??"]
[Round "4.13"]
[White "Kozlowski, Tomasz"]
[Black "Raczynski, Krzysztof"]
[Result "1/2-1/2"]
[WhiteElo "1978"]
[BlackElo "1595"]
[PlyCount "62"]
[EventDate "2013.??.??"]

1. e4 c5 2. Nf3 d6 3. c4 Nf6 4. Nc3 g6 5. d4 cxd4 6. Nxd4 Nc6 7. Nb3 Bg7 8. Be2
O-O 9. Be3 a5 10. a4 Bd7 11. f3 Rc8 12. Qd2 Ne5 13. Nd5 Nxd5 14. cxd5 b6 15.
Nd4 Nc4 16. Bxc4 Rxc4 17. b3 Rb4 18. Ra3 Qc7 19. O-O Rc8 20. Ne2 f5 21. Rc1 Qb7
22. Rxc8+ Qxc8 23. Qd3 b5 24. Ra2 bxa4 25. Rc2 Qb7 26. bxa4 Bxa4 27. Rc1 Bb5
28. Qd2 fxe4 29. Nf4 exf3 30. Ne6 Bf6 31. Rc7 Qa6 1/2-1/2

[Event "Miedzynarodowy Turniej Szachowy Szachowe"]
[Site "WSUS Poznan, ul. Glogowska"]
[Date "2013.??.??"]
[Round "4.15"]
[White "Baranowski, Adam"]
[Black "Pawlicki, Dariusz"]
[Result "0-1"]
[WhiteElo "1595"]
[BlackElo "1688"]
[PlyCount "64"]
[EventDate "2013.??.??"]

1. e4 c6 2. d4 d5 3. Nc3 dxe4 4. Nxe4 Bf5 5. Ng3 Bg6 6. Nf3 e6 7. c3 Nd7 8. h4
h6 9. Bd3 Bxd3 10. Qxd3 Ngf6 11. O-O Be7 12. Re1 O-O 13. Bd2 Bd6 14. Ne5 Qc7
15. f4 Rfd8 16. Qf3 c5 17. Ne4 Nxe4 18. Rxe4 cxd4 19. cxd4 Nf6 20. Re2 Rac8 21.
f5 exf5 22. Qxf5 Bxe5 23. Rxe5 Nh7 24. Be3 Qd6 25. Rf1 f6 26. Re4 Re8 27. Bxh6
Rxe4 28. Qxc8+ Nf8 29. Qc4+ Kh8 30. Qf7 gxh6 31. Rxf6 Qxd4+ 32. Rf2 Re1+ 0-1

[Event "Miedzynarodowy Turniej Szachowy Szachowe"]
[Site "WSUS Poznan, ul. Glogowska"]
[Date "2013.??.??"]
[Round "4.16"]
[White "Opolski, Wojciech"]
[Black "Pawleta, Rafal"]
[Result "1-0"]
[WhiteElo "1683"]
[BlackElo "1545"]
[PlyCount "137"]
[EventDate "2013.??.??"]

1. d4 Nf6 2. c4 e6 3. Nc3 Bb4 4. a3 Bxc3+ 5. bxc3 d5 6. Bg5 h6 7. Bh4 b6 8.
cxd5 exd5 9. e3 Bb7 10. Nf3 Nbd7 11. Bd3 O-O 12. O-O Re8 13. Bf5 Bc8 14. Bc2 c5
15. Ba4 Ba6 16. Re1 b5 17. Bc2 Bb7 18. dxc5 Nxc5 19. Nd4 Qb6 20. Rb1 a6 21. a4
Nce4 22. Rb3 Rac8 23. Qa1 Qa5 24. axb5 Qxa1 25. Rxa1 axb5 26. Rxb5 Bc6 27. Rb3
Bd7 28. Bxf6 Nxf6 29. Kf1 Ng4 30. h3 Ne5 31. Ra7 Be6 32. f4 Nc4 33. Kf2 Nd2 34.
f5 Nxb3 35. Bxb3 Bxf5 36. Nxf5 Rxc3 37. Bxd5 Kh8 38. Rxf7 Rc5 39. e4 Rc2+ 40.
Kg3 Rc3+ 41. Kg4 Rc2 42. g3 Rf2 43. Nxh6 Rxf7 44. Nxf7+ Kh7 45. Ng5+ Kh8 46.
Kh5 Rf8 47. Bf7 Rc8 48. e5 Rc3 49. e6 Re3 50. Bg6 Re5 51. Kg4 Kg8 52. Kf4 Re1
53. Bf7+ Kf8 54. Kf5 Rf1+ 55. Kg4 Ke7 56. h4 Rf6 57. Nh7 Rh6 58. Ng5 Rf6 59. h5
Rf1 60. Nh3 Kf6 61. Nf4 Rd1 62. Bg8 Rd4 63. Kf3 Rd1 64. Ke2 Rd8 65. Bf7 Rd4 66.
Ke3 Rd6 67. Ke4 Rd1 68. Nd5+ Kg5 69. Ne3 1-0

[Event "Miedzynarodowy Turniej Szachowy Szachowe"]
[Site "WSUS Poznan, ul. Glogowska"]
[Date "2013.??.16"]
[Round "4.18"]
[White "Pietrucha, Jaroslaw"]
[Black "Adamczyk, Wieslaw"]
[Result "1-0"]
[WhiteElo "1823"]
[BlackElo "1536"]
[PlyCount "129"]
[EventDate "2013.??.??"]

1. e4 e5 2. Nf3 Nc6 3. d4 exd4 4. Nxd4 Qh4 5. Nc3 Bb4 6. Qd3 Nf6 7. Nxc6 dxc6
8. Bd2 Be6 9. g3 Qh5 10. f3 Rd8 11. Qe3 Bc5 12. Qe2 Nd7 13. O-O-O f6 14. Bf4
Bb6 15. Kb1 O-O 16. Na4 Qa5 17. b3 Qb4 18. Bd2 Qe7 19. Bc3 c5 20. Nb2 c6 21.
Bg2 Qf7 22. Rhe1 Bc7 23. f4 f5 24. e5 Nb6 25. Ba5 Na4 26. Nxa4 Bxa5 27. Rxd8
Rxd8 28. Rd1 Rxd1+ 29. Qxd1 c4 30. Qd6 Bc7 31. Qd1 Qe7 32. Kb2 b5 33. Nc3 Qc5
34. a3 a5 35. bxc4 b4 36. Nb1 bxa3+ 37. Nxa3 Qb4+ 38. Ka2 Bxc4+ 39. Nxc4 Qxc4+
40. Kb1 Qb4+ 41. Kc1 Bb6 42. Qd3 Bd4 43. Kd1 c5 44. Bd5+ Kf8 45. Qxf5+ Ke7 46.
Qe6+ Kd8 47. Qg8+ Kc7 48. Qxh7 Kc8 49. Qg8+ Kc7 50. Qf7+ Kc8 51. Qg8+ Kc7 52.
Qf7+ Kc8 53. Be6+ Kb8 54. Qe8+ Kb7 55. Qc8+ Kb6 56. Qb8+ Kc6 57. Qd6+ Kb5 58.
Qb8+ Ka4 59. Bd7+ Ka3 60. Qxb4+ axb4 61. Bb5 Kb2 62. Bc4 Kc3 63. Bg8 c4 64. h4
Bc5 65. h5 1-0

[Event "Miedzynarodowy Turniej Szachowy Szachowe"]
[Site "WSUS Poznan, ul. Glogowska"]
[Date "2013.??.??"]
[Round "4.19"]
[White "Sklepinski, Artur"]
[Black "Paliwoda, Borys"]
[Result "*"]
[WhiteElo "1772"]
[BlackElo "1466"]
[PlyCount "77"]
[EventDate "2013.??.??"]

1. d4 Nf6 2. Nf3 d5 3. c4 e6 4. Nc3 Be7 5. Bf4 c5 6. dxc5 Bxc5 7. a3 O-O 8. e3
Nc6 9. Be2 Re8 10. cxd5 Nxd5 11. Nxd5 exd5 12. O-O Bf5 13. Rc1 Bb6 14. Bb5 Rc8
15. Qa4 Re4 16. Qd1 Re8 17. Qd2 a6 18. Ba4 Ba7 19. Rfd1 Be6 20. h3 b5 21. Bc2
Na5 22. Bc7 Rxc7 23. Qxa5 Bb8 24. Qxa6 Bd7 25. Qa5 Bc6 26. Qd2 Qd6 27. Qd4 Rce7
28. Qh4 h6 29. b3 Bb7 30. Nd4 Qe5 31. Qg4 Bc8 32. Bh7+ Kxh7 33. Rxc8 h5 34.
Qf5+ Qxf5 35. Nxf5 Rxc8 36. Nxe7 Rc2 37. Rxd5 g6 38. Re5 Bd6 39. Nd5 *

[Event "Miedzynarodowy Turniej Szachowy Szachowe"]
[Site "WSUS Poznan, ul. Glogowska"]
[Date "2013.??.??"]
[Round "4.20"]
[White "Kostecki, Samuel"]
[Black "Kiwilsza, Piotr"]
[Result "1/2-1/2"]
[WhiteElo "1497"]
[BlackElo "1751"]
[PlyCount "71"]
[EventDate "2013.??.??"]

1. d4 d5 2. c4 e6 3. g3 Nf6 4. Bg2 c6 5. Nf3 Bd6 6. Qc2 O-O 7. O-O Nbd7 8. b3
Ne4 9. Nfd2 f5 10. f3 Nef6 11. Ba3 Qe7 12. Bxd6 Qxd6 13. c5 Qc7 14. e3 Rf7 15.
Nc3 Nf8 16. f4 h6 17. h4 a6 18. a4 Ng4 19. Qd3 g5 20. b4 b6 21. cxb6 Qxb6 22.
a5 Qc7 23. b5 Qd6 24. Na4 Nd7 25. Nb3 gxf4 26. exf4 Bb7 27. Nac5 Nxc5 28. Nxc5
Nf6 29. Rac1 Ne4 30. Bxe4 dxe4 31. Qc4 Qd5 32. Qxd5 exd5 33. Nxb7 Rxb7 34. Rxc6
e3 35. Rc3 Rxb5 36. Rxe3 1/2-1/2

[Event "Miedzynarodowy Turniej Szachowy Szachowe"]
[Site "WSUS Poznan, ul. Glogowska"]
[Date "2013.??.??"]
[Round "4.21"]
[White "Nowak, Adam"]
[Black "Nowaczyk, Mikolaj"]
[Result "1/2-1/2"]
[WhiteElo "1352"]
[BlackElo "1646"]
[PlyCount "98"]
[EventDate "2013.??.??"]

1. c4 Nf6 2. Nc3 e6 3. e4 d5 4. e5 d4 5. exf6 dxc3 6. bxc3 Qxf6 7. Nf3 b6 8. d4
Bb7 9. Be2 h6 10. O-O Bd6 11. c5 bxc5 12. Qb3 Bc6 13. dxc5 Bxc5 14. Bb5 O-O 15.
Bxc6 Nxc6 16. Qb5 Qxc3 17. Bd2 Nd4 18. Nxd4 Qxd2 19. Qxc5 Rfd8 20. Nf3 Qf4 21.
Rad1 Qa4 22. Rxd8+ Rxd8 23. Qxc7 Rd1 24. Qb8+ Kh7 25. Qb3 Rxf1+ 26. Kxf1 Qa6+
27. Kg1 Qc6 28. h3 Qc1+ 29. Kh2 Qf4+ 30. g3 Qc7 31. Qd3+ Kh8 32. Qd4 a6 33. Qe4
Qc5 34. Qd4 Qa3 35. Ne5 Qxa2 36. Nxf7+ Kg8 37. Ne5 a5 38. Qf4 a4 39. Ng6 e5 40.
Qf8+ Kh7 41. h4 Qg8 42. Qf5 Qa8 43. Nxe5+ Kh8 44. Qf3 Qa5 45. Qf5 Qa8 46. Qf3
Qa5 47. Qe3 a3 48. Ng6+ Kh7 49. Ne7 a2 1/2-1/2

[Event "Miedzynarodowy Turniej Szachowy Szachowe"]
[Site "WSUS Poznan, ul. Glogowska"]
[Date "2013.??.??"]
[Round "4.23"]
[White "Miedzinski, Marek"]
[Black "Wojciechowska, Martyna"]
[Result "1-0"]
[WhiteElo "1613"]
[BlackElo "1265"]
[PlyCount "85"]
[EventDate "2013.??.??"]

1. e4 c5 2. Nc3 Nc6 3. g3 d6 4. Bg2 Nf6 5. f4 g6 6. Nf3 Bg7 7. O-O O-O 8. h3 h5
9. d3 a6 10. a4 Rb8 11. Rb1 b5 12. Ng5 Bd7 13. Be3 Nh7 14. axb5 axb5 15. f5 e6
16. Nxh7 Kxh7 17. g4 Qh4 18. g5 exf5 19. exf5 Nd4 20. f6 Bh8 21. Kh2 Nf5 22.
Bf4 Bxf6 23. gxf6 Qxf6 24. Qd2 Qd4 25. Rfe1 Rfe8 26. b3 f6 27. Ne4 Re6 28. c3
g5 29. cxd4 gxf4 30. dxc5 dxc5 31. Nxc5 Rxe1 32. Rxe1 Rd8 33. Be4 Kg6 34. Rg1+
Kf7 35. Nxd7 Rxd7 36. Bxf5 Rd5 37. Be4 Rg5 38. Qxf4 Rxg1 39. Kxg1 b4 40. Bf5
Kf8 41. Bg6 Kg8 42. Qc7 Kh8 43. Qh7# 1-0

[Event "Miedzynarodowy Turniej Szachowy Szachowe"]
[Site "WSUS Poznan, ul. Glogowska"]
[Date "2013.??.??"]
[Round "4.26"]
[White "Piechocki, Bronislaw"]
[Black "Hoffmann, Kacper"]
[Result "0-1"]
[WhiteElo "1533"]
[BlackElo "1584"]
[PlyCount "70"]
[EventDate "2013.??.??"]

1. Nf3 f5 2. g3 Nf6 3. Bg2 e6 4. O-O Be7 5. d3 d6 6. c4 O-O 7. a3 a5 8. Nc3 e5
9. Nd2 f4 10. Nd5 Nxd5 11. Bxd5+ Kh8 12. Bg2 Nc6 13. Nf3 g5 14. Rb1 Qe8 15. e3
Qh5 16. exf4 gxf4 17. Nd2 Qg6 18. Ne4 Nd4 19. b4 f3 20. Bh1 Ne2+ 21. Qxe2 fxe2
22. Re1 Bg4 23. Be3 axb4 24. axb4 Ra3 25. d4 Bf5 26. Rxe2 Bxe4 27. Bxe4 Qxe4
28. Rbe1 Qf5 29. dxe5 dxe5 30. Bh6 Rf7 31. Rxe5 Qxf2+ 32. Kh1 Ra2 33. Bg7+ Kxg7
34. R1e2 Rxe2 35. Rxe2 Qf1# 0-1

[Event "Miedzynarodowy Turniej Szachowy Szachowe"]
[Site "WSUS Poznan, ul. Glogowska"]
[Date "2013.??.16"]
[Round "4.28"]
[White "Niemier, Hubert"]
[Black "Gajewski, Zbigniew"]
[Result "1-0"]
[WhiteElo "1372"]
[BlackElo "1440"]
[PlyCount "169"]
[EventDate "2013.??.??"]

1. d4 g6 2. c4 d6 3. Nf3 Nf6 4. Nc3 Bg7 5. Bg5 Nbd7 6. e3 b6 7. Be2 Bb7 8. Qc2
O-O 9. O-O c5 10. d5 h6 11. Bh4 g5 12. Bg3 Nh5 13. Rad1 Nxg3 14. hxg3 Nf6 15.
Nd2 Qd7 16. e4 e5 17. Rfe1 Bc8 18. Nf1 Qd8 19. Ne3 h5 20. Qd2 h4 21. g4 Nh7 22.
Rc1 Qf6 23. Bd1 Qh6 24. a3 Nf6 25. f3 Kh7 26. Nb5 Ne8 27. Ba4 Rh8 28. Kh2 Bf8
29. Nxa7 Nf6 30. Nxc8 Rxc8 31. Nf5 Qg6 32. Qc2 Kg8 33. Qb3 h3 34. g3 Rb8 35.
Qb5 Nh7 36. Qd7 Qf6 37. Qc7 Qd8 38. Qxd8 Rxd8 39. Kxh3 Nf6+ 40. Kg2 Ne8 41.
Bxe8 Rxe8 42. Rc3 Rb8 43. Rb3 f6 44. Rb5 Rb7 45. Ra1 Rbh7 46. Kf2 Rh2+ 47. Ke3
Rc2 48. Rxb6 Rhh2 49. Re1 Rxb2 50. Rxb2 Rxb2 51. Rd1 Kf7 52. Rd2 Rb3+ 53. Rd3
Rb2 54. Rc3 Ke8 55. f4 Kd7 56. fxe5 fxe5 57. Kf3 Kc7 58. Ne3 Kb6 59. Nd1 Rb1
60. Ke2 Ka5 61. Kd2 Be7 62. Kc2 Ra1 63. Rf3 Ra2+ 64. Nb2 Ra1 65. Rf7 Bd8 66.
Rd7 Bb6 67. Rxd6 Rxa3 68. Re6 Rxg3 69. d6 Rxg4 70. d7 Bc7 71. Rc6 Bd8 72. Rxc5+
Kb6 73. Rc8 Be7 74. d8=Q+ Bxd8 75. Rxd8 Rxe4 76. Kd3 Rh4 77. Re8 g4 78. Rxe5 g3
79. Rg5 Rh3 80. Ke4 Rh2 81. Nd3 g2 82. Kf3 Rh3+ 83. Kf2 Rh2 84. c5+ Kb5 85.
Rxg2 1-0

[Event "Miedzynarodowy Turniej Szachowy Szachowe"]
[Site "WSUS Poznan, ul. Glogowska"]
[Date "2013.??.??"]
[Round "4.29"]
[White "Piasecki, Andrzej"]
[Black "Kostecka, Marika"]
[Result "0-1"]
[WhiteElo "1356"]
[BlackElo "1274"]
[PlyCount "84"]
[EventDate "2013.??.??"]

1. g4 e5 2. Bg2 Bc5 3. e3 d5 4. c4 d4 5. d3 dxe3 6. Bxe3 Bxe3 7. fxe3 Qh4+ 8.
Kf1 Bxg4 9. Qe1 Qf6+ 10. Qf2 Nc6 11. Qxf6 Nxf6 12. Bxc6+ bxc6 13. Ne2 O-O-O 14.
d4 Bxe2+ 15. Kxe2 exd4 16. Rd1 dxe3 17. Rxd8+ Rxd8 18. a4 Re8 19. Ra3 Ng4 20.
h3 Nf2 21. h4 Ng4 22. Rd3 h6 23. Rd4 f5 24. Rf4 Rf8 25. Na3 g5 26. hxg5 hxg5
27. Rf3 f4 28. Nc2 Ne5 29. Rf1 g4 30. Nxe3 g3 31. b3 Rf7 32. Nd1 f3+ 33. Ke3 f2
34. Nxf2 gxf2 35. Kd4 Ng4 36. Kc5 Nh2 37. Rxf2 Rxf2 38. Kxc6 Rb2 39. a5 Rxb3
40. c5 Nf3 41. a6 Ng5 42. Kd5 Ra3 0-1